000 01401nam0a2200337 i 4500
001 RU\NLR\BIBL_A\011148612
005 20260406141535.0
010 _a9785444438558
_93000
021 _aRU
_b2016-42364
_92715
035 _a(NILC)RuMoRGB-008497132
035 _a(NLR Aleph) 011148612
090 _a11659357
_c11659357
100 _a20160608d2016 um y0rusy50 ca
101 1 _arus
_cfre
102 _aRU
105 _aac||z||||01ay
200 1 _aДунайский лоцман
_aМаяк на краю света
_aСудьба Жана Морена
_e[романы, повесть]
_fЖюль Верн
_g[пер. с фр. Волков А. М., Алчеев И. Н.
_gил.: Жорж Ру, Леон Бенетт]
210 _aМосква
_cВече
_d2016
215 _a446, [1] с.
_cил.
_d21
225 1 _aМастера приключений
320 _aБиблиогр. Жюля Верна: с. 444-445
675 _a821.133.1
686 1 _aШ6(4Фр)57-440.4{Лх1647-50}
700 1 _7ca
_8rus
_aВерн
_bЖ.
_f1828-1905
_gЖюль
_9113449
_3RU\NLR\AUTH\773453
702 1 _4040
_7ca
_8rus
_aРу
_bЖ.
_cхудожник
_f1853-1929
_gЖорж
_9211721
_3RU\NLR\AUTH\770211777
702 1 _4040
_aБенетт
_bЛ.
_f1839-1917
_gЛеон
_9139471
_3RU\NLR\AUTH\770139506
801 0 _aRU
_bРГБ
_c20160524
_gRCR
942 _cBOOK
980 _aNBR